000 00304nam a22001337a 4500
008 170407b xxu||||| |||| 00| 0 eng d
020 _a0781700434
041 _aeng
080 _22ND
_a616
100 _a9
101 _aSHM
245 _aDIAGNOSTIC SURGICAL PATHOLOGY
_cSTERNBERG, S.S
942 _2udc
_cBK
999 _c10214
_d10214